Statistics for Biggest Cities in the World - 2050

Click here to take the quiz!

General Stats

  • This quiz has been taken 46 times
  • The average score is 23 of 30

Answer Stats

continentcity% Correct
AsiaTokyo
100%
AmericasNew York
95%
AsiaShanghai
93%
AsiaBeijing
90%
AfricaCairo
90%
AsiaDelhi
90%
AsiaMumbai
90%
AfricaLagos
88%
AsiaJakarta
85%
AmericasLos Angeles
85%
AmericasSao Paulo
85%
AmericasMexico City
83%
AmericasRio de Janeiro
83%
AmericasBuenos Aires
76%
AsiaDhaka
76%
AsiaKarachi
76%
AfricaKinshasa
76%
AsiaManila
76%
AsiaLahore
73%
AfricaNairobi
73%
AsiaKolkata
71%
AsiaChennai
68%
AsiaBangalore
66%
AfricaDar es Salaam
61%
AsiaIstanbul
61%
AsiaHyderabad
59%
AfricaKhartoum
59%
AfricaLuanda
56%
AsiaBaghdad
44%
AsiaKabul
39%

Score Distribution

Percentile by Number Answered

Percent of People with Each Score

Your Score History

You have not taken this quiz